[Event "WYCC Girls 10"]
[Site "Porto Carras"]
[Date "2015.11.01"]
[Round "7.2"]
[White "Can, Isil"]
[Black "Song, Yuxin"]
[Result "0-1"]
[BlackElo "1700"]
[WhiteElo "1795"]
[LiveChessVersion "1.4.6"]

1. e4 {[%clk 1:30:58]} c5 {[%clk 1:30:46]} 2. Nf3 {[%clk 1:31:24]} d6
{[%clk 1:31:07]} 3. d4 {[%clk 1:31:49]} cxd4 {[%clk 1:31:28]} 4. Nxd4
{[%clk 1:32:14]} Nf6 {[%clk 1:31:48]} 5. Nc3 {[%clk 1:32:41]} a6 {[%clk 1:32:06]}
6. Be2 {[%clk 1:33:07]} e5 {[%clk 1:32:20]} 7. Nb3 {[%clk 1:33:32]} Be7
{[%clk 1:32:39]} 8. O-O {[%clk 1:33:56]} O-O {[%clk 1:33:01]} 9. Kh1
{[%clk 1:34:20]} Be6 {[%clk 1:32:51]} 10. f4 {[%clk 1:34:11]} Qc7
{[%clk 1:32:14]} 11. Be3 {[%clk 1:34:24]} Nbd7 {[%clk 1:31:06]} 12. Qd2
{[%clk 1:31:32]} b5 {[%clk 1:29:22]} 13. f5 {[%clk 1:23:53]} Bc4 {[%clk 1:29:41]}
14. a3 {[%clk 1:13:16]} Bxe2 {[%clk 1:24:05]} 15. Qxe2 {[%clk 1:13:31]} Qc6
{[%clk 1:24:01]} 16. Na5 {[%clk 1:06:45]} Qc7 {[%clk 1:24:25]} 17. Nb3
{[%clk 1:07:01]} Qc6 {[%clk 1:24:50]} 18. Qd3 {[%clk 1:02:32]} Rfc8
{[%clk 1:15:39]} 19. Rac1 {[%clk 0:57:35]} Qc4 {[%clk 1:10:53]} 20. Rfd1
{[%clk 0:50:18]} Qxd3 {[%clk 1:09:05]} 21. cxd3 {[%clk 0:50:07]} Ng4
{[%clk 1:03:39]} 22. Nd5 {[%clk 0:43:53]} Bd8 {[%clk 0:59:00]} 23. Bg1
{[%clk 0:33:33]} Ngf6 {[%clk 0:54:04]} 24. Nb4 {[%clk 0:30:20]} a5
{[%clk 0:48:38]} 25. Nc6 {[%clk 0:27:57]} a4 {[%clk 0:47:57]} 26. Nd2
{[%clk 0:24:07]} d5 {[%clk 0:46:11]} 27. Rc2 {[%clk 0:16:50]} Kf8 28. Rdc1
{[%clk 0:15:47]} dxe4 {[%clk 0:40:39]} 29. dxe4 {[%clk 0:16:10]} Ba5
{[%clk 0:35:34]} 30. Nxe5 {[%clk 0:12:36]} Rxc2 {[%clk 0:35:34]} 31. Nxd7+
{[%clk 0:13:00]} Nxd7 {[%clk 0:36:00]} 32. Rxc2 {[%clk 0:13:23]} Re8
{[%clk 0:36:25]} 33. Bf2 {[%clk 0:12:16]} Nf6 {[%clk 0:35:56]} 34. Bc5+
{[%clk 0:10:20]} Kg8 {[%clk 0:36:02]} 35. Bb4 {[%clk 0:10:18]} Bxb4
{[%clk 0:36:08]} 36. axb4 {[%clk 0:10:43]} h6 {[%clk 0:36:31]} 37. h3
{[%clk 0:08:08]} Nxe4 {[%clk 0:36:43]} 38. Nf3 {[%clk 0:07:47]} Ng3+
{[%clk 0:35:32]} 39. Kh2 {[%clk 0:08:06]} Nxf5 {[%clk 0:35:58]} 40. Rc5
{[%clk 0:07:36]} Nd6 {[%clk 1:06:12]} 41. Rd5 {[%clk 0:35:47]} Nc4
{[%clk 1:06:32]} 42. Rxb5 {[%clk 0:35:52]} Nxb2 {[%clk 1:06:57]} 43. Ra5
{[%clk 0:35:43]} Re4 {[%clk 1:05:20]} 44. b5 {[%clk 0:34:36]} f6 {[%clk 1:05:09]}
45. Nd2 {[%clk 0:32:33]} Rb4 {[%clk 1:04:57]} 46. Kg3 {[%clk 0:31:58]} Kf7
{[%clk 1:02:50]} 47. Kf2 {[%clk 0:32:05]} Ke6 {[%clk 1:02:52]} 48. Ke2
{[%clk 0:29:39]} Kd5 {[%clk 1:02:40]} 49. Ke3 {[%clk 0:28:55]} Kc5
{[%clk 1:01:45]} 50. Ne4+ {[%clk 0:29:01]} Kb6 {[%clk 1:01:49]} 51. Ra8
{[%clk 0:22:34]} Rxb5 {[%clk 1:02:10]} 52. Rb8+ {[%clk 0:22:32]} Ka5
{[%clk 1:02:16]} 53. Rxb5+ {[%clk 0:22:36]} Kxb5 {[%clk 1:02:38]} 54. Nc3+
{[%clk 0:22:56]} Kb4 {[%clk 1:03:04]} 55. Nxa4 {[%clk 0:22:46]} Nxa4
{[%clk 1:02:09]} 56. Ke4 {[%clk 0:22:25]} g6 {[%clk 1:02:35]} 57. Kd5
{[%clk 0:22:43]} Nc5 {[%clk 1:02:50]} 58. Kd6 {[%clk 0:22:12]} Ne4+ 59. Ke6
{[%clk 0:18:52]} Kc5 {[%clk 1:02:09]} 60. Kf7 {[%clk 0:13:07]} g5
{[%clk 1:02:06]} 61. Kg6 {[%clk 0:12:52]} Kd4 {[%clk 1:02:18]} 62. Kxh6
{[%clk 0:11:14]} Ke5 {[%clk 1:02:43]} 63. h4 {[%clk 0:07:49]} Kf5
{[%clk 1:02:10]} 64. hxg5 {[%clk 0:04:47]} fxg5 {[%clk 1:02:33]} 65. Kh5
{[%clk 0:04:40]} Kf4 {[%clk 1:02:56]} 66. g4 {[%clk 0:03:31]} Kg3
{[%clk 1:03:11]} 0-1

[Event "WYCC Girls 10"]
[Site "Porto Carras"]
[Date "2015.11.01"]
[Round "7.3"]
[White "Lomaia, Diana"]
[Black "Mironenko, Galina"]
[Result "1-0"]
[BlackElo "1792"]
[WhiteElo "1498"]
[LiveChessVersion "1.4.6"]

1. e4 {[%clk 1:30:57]} d6 {[%clk 1:30:57]} 2. d4 {[%clk 1:31:13]} Nf6
{[%clk 1:31:23]} 3. Nc3 {[%clk 1:31:36]} c6 {[%clk 1:31:49]} 4. f4
{[%clk 1:31:51]} g6 {[%clk 1:32:14]} 5. Nf3 {[%clk 1:30:19]} Bg7 {[%clk 1:32:40]}
6. e5 {[%clk 1:29:54]} dxe5 {[%clk 1:32:38]} 7. fxe5 {[%clk 1:29:30]} Nd5
{[%clk 1:32:56]} 8. Nxd5 {[%clk 1:29:14]} cxd5 {[%clk 1:32:20]} 9. c3
{[%clk 1:28:35]} O-O {[%clk 1:32:42]} 10. Be2 {[%clk 1:27:47]} Nc6
{[%clk 1:33:01]} 11. O-O {[%clk 1:27:03]} f6 {[%clk 1:27:03]} 12. exf6
{[%clk 1:26:16]} exf6 {[%clk 1:27:24]} 13. Bf4 {[%clk 1:21:08]} Ne7
{[%clk 1:20:25]} 14. Bd3 {[%clk 1:17:07]} Bf5 {[%clk 1:16:22]} 15. Kh1
{[%clk 1:15:35]} Qb6 {[%clk 1:14:59]} 16. Bxf5 {[%clk 1:11:14]} Nxf5
{[%clk 1:15:21]} 17. Qb3 {[%clk 1:10:19]} Qxb3 {[%clk 1:14:19]} 18. axb3
{[%clk 1:10:41]} Rfe8 {[%clk 1:13:01]} 19. Rfe1 {[%clk 1:09:11]} g5
{[%clk 1:11:10]} 20. Bd2 {[%clk 1:07:58]} g4 {[%clk 1:05:09]} 21. Ng1
{[%clk 1:02:47]} a6 {[%clk 1:00:09]} 22. g3 {[%clk 0:57:49]} Nd6 {[%clk 0:57:43]}
23. Kg2 {[%clk 0:53:19]} Ne4 {[%clk 0:57:08]} 24. Bf4 {[%clk 0:51:28]} f5
{[%clk 0:56:23]} 25. h3 {[%clk 0:46:47]} h5 {[%clk 0:54:32]} 26. h4
{[%clk 0:45:59]} Kf7 {[%clk 0:53:37]} 27. Rf1 {[%clk 0:42:37]} Kg6
{[%clk 0:52:28]} 28. Rae1 {[%clk 0:41:50]} Re6 {[%clk 0:51:39]} 29. Ne2
{[%clk 0:40:27]} Rb6 {[%clk 0:48:09]} 30. Nc1 {[%clk 0:38:40]} a5
{[%clk 0:46:39]} 31. Re2 {[%clk 0:33:53]} Bf6 {[%clk 0:41:09]} 32. Be3
{[%clk 0:30:57]} Rc8 {[%clk 0:39:36]} 33. Nd3 {[%clk 0:28:35]} Rd8
{[%clk 0:22:15]} 34. Nf4+ {[%clk 0:28:13]} Kf7 {[%clk 0:22:34]} 35. Nxh5
{[%clk 0:27:17]} Rxb3 {[%clk 0:21:15]} 36. Rxf5 {[%clk 0:23:27]} Kg6
{[%clk 0:19:11]} 37. Rxd5 {[%clk 0:23:17]} Rxd5 {[%clk 0:16:00]} 38. Nf4+
{[%clk 0:23:36]} Kf5 {[%clk 0:16:16]} 39. Nxd5 {[%clk 0:23:48]} a4
{[%clk 0:16:14]} 40. Bc1 {[%clk 0:47:57]} Bd8 {[%clk 0:37:15]} 41. Ne3+
{[%clk 0:45:58]} Kg6 {[%clk 0:36:41]} 42. Nxg4 {[%clk 0:45:33]} Nf6
{[%clk 0:37:05]} 43. Ne5+ {[%clk 0:44:08]} Kg7 {[%clk 0:36:58]} 44. Bg5
{[%clk 0:42:44]} a3 {[%clk 0:37:09]} 45. bxa3 {[%clk 0:42:36]} Rxc3
{[%clk 0:37:30]} 46. Rb2 {[%clk 0:42:00]} b6 {[%clk 0:37:37]} 47. Bxf6+
{[%clk 0:42:00]} Kxf6 {[%clk 0:38:01]} 48. Nd7+ {[%clk 0:42:08]} Ke7
{[%clk 0:38:19]} 49. Nxb6 {[%clk 0:42:10]} Rxa3 {[%clk 0:38:43]} 50. Nd5+
{[%clk 0:41:50]} Kd6 {[%clk 0:38:55]} 51. Nf4 {[%clk 0:42:01]} Ra4
{[%clk 0:39:08]} 52. Rd2 {[%clk 0:41:11]} Bf6 {[%clk 0:39:33]} 53. Kf3
{[%clk 0:39:20]} Rxd4 {[%clk 0:39:51]} 54. Rxd4+ {[%clk 0:39:47]} Bxd4
{[%clk 0:40:16]} 55. Kg4 {[%clk 0:40:04]} Ke7 {[%clk 0:40:30]} 56. Kf5
{[%clk 0:40:15]} Kf7 {[%clk 0:40:43]} 57. g4 {[%clk 0:41:07]} Bf2
{[%clk 0:41:27]} 58. h5 {[%clk 0:41:31]} Kg7 {[%clk 0:41:46]} 59. g5
{[%clk 0:41:49]} Kg8 {[%clk 0:42:05]} 60. Ne6 {[%clk 0:41:24]} Be1
{[%clk 0:42:28]} 61. Kg6 {[%clk 0:40:06]} Bd2 {[%clk 0:42:37]} 62. h6
{[%clk 0:37:37]} Bc1 {[%clk 0:42:42]} 63. h7+ {[%clk 0:37:35]} Kh8
{[%clk 0:43:05]} 64. Nd8 {[%clk 0:37:53]} Bxg5 {[%clk 0:43:23]} 65. Nf7# 1-0

[Event "WYCC Girls 10"]
[Site "Porto Carras"]
[Date "2015.11.01"]
[Round "7.4"]
[White "Kirchei, Viktoriia"]
[Black "Munkhzul, Davaakhuu"]
[Result "0-1"]
[BlackElo "1582"]
[WhiteElo "1663"]
[LiveChessVersion "1.4.6"]

1. e4 {[%clk 1:30:53]} e5 {[%clk 1:30:45]} 2. Nf3 {[%clk 1:31:18]} d6
{[%clk 1:30:55]} 3. d4 {[%clk 1:31:37]} Nf6 {[%clk 1:31:19]} 4. Nc3
{[%clk 1:31:56]} Nbd7 {[%clk 1:31:31]} 5. Bc4 {[%clk 1:32:18]} Be7
{[%clk 1:31:46]} 6. Ng5 {[%clk 1:32:38]} O-O {[%clk 1:31:47]} 7. Bxf7+
{[%clk 1:33:00]} Rxf7 {[%clk 1:32:00]} 8. Ne6 {[%clk 1:33:24]} Qe8
{[%clk 1:31:38]} 9. Nxc7 {[%clk 1:33:47]} Qd8 {[%clk 1:31:36]} 10. Nxa8
{[%clk 1:34:10]} b6 {[%clk 1:25:29]} 11. O-O {[%clk 1:34:33]} Bb7
{[%clk 1:25:45]} 12. Nxb6 {[%clk 1:34:55]} Qxb6 {[%clk 1:26:02]} 13. d5
{[%clk 1:33:07]} Nc5 {[%clk 1:21:14]} 14. Be3 {[%clk 1:13:21]} Ba6
{[%clk 1:18:34]} 15. Bxc5 {[%clk 1:03:14]} Qxc5 {[%clk 1:18:42]} 16. Re1
{[%clk 1:03:12]} h6 {[%clk 1:15:06]} 17. h3 {[%clk 1:01:20]} Nd7 {[%clk 1:15:13]}
18. Re3 {[%clk 1:00:22]} Bh4 {[%clk 1:14:33]} 19. Rf3 {[%clk 0:57:18]} Bxf2+
{[%clk 1:12:17]} 20. Kh1 {[%clk 0:57:11]} Qd4 {[%clk 1:01:01]} 21. Rxf7
{[%clk 0:56:21]} Kxf7 {[%clk 0:58:44]} 22. Qg4 {[%clk 0:53:07]} Nc5
{[%clk 0:55:57]} 23. Qh5+ {[%clk 0:36:30]} Kg8 {[%clk 0:50:43]} 24. Qe8+
{[%clk 0:35:16]} Kh7 {[%clk 0:50:59]} 25. Qf8 {[%clk 0:29:59]} Bh4
{[%clk 0:29:33]} 26. Qxd6 {[%clk 0:28:34]} Bf6 {[%clk 0:29:29]} 27. Rg1
{[%clk 0:21:11]} Qf2 {[%clk 0:18:17]} 28. b4 {[%clk 0:20:33]} Bg5
{[%clk 0:15:23]} 29. Nd1 {[%clk 0:09:16]} Qg3 {[%clk 0:14:44]} 30. Qf8
{[%clk 0:05:09]} Bf4 {[%clk 0:14:44]} 31. Qf5+ {[%clk 0:05:29]} Kg8
{[%clk 0:14:56]} 32. Qxf4 {[%clk 0:05:43]} Qxf4 {[%clk 0:15:15]} 33. bxc5
{[%clk 0:06:05]} Qxe4 {[%clk 0:15:36]} 34. Nf2 {[%clk 0:03:03]} Qxd5
{[%clk 0:15:43]} 35. Rd1 {[%clk 0:03:09]} Qxc5 0-1

[Event "WYCC Girls 10"]
[Site "Porto Carras"]
[Date "2015.11.01"]
[Round "7.5"]
[White "Matus, Nastassja A"]
[Black "Stepanyan, Eva"]
[Result "1-0"]
[BlackElo "1611"]
[WhiteElo "1761"]
[LiveChessVersion "1.4.6"]

1. d4 {[%clk 1:30:59]} Nf6 {[%clk 1:30:52]} 2. c4 {[%clk 1:31:23]} e6
{[%clk 1:31:17]} 3. g3 {[%clk 1:31:46]} d5 {[%clk 1:29:03]} 4. Bg2
{[%clk 1:31:42]} c6 {[%clk 1:27:57]} 5. Qc2 {[%clk 1:30:36]} Bb4+
{[%clk 1:26:20]} 6. Bd2 {[%clk 1:30:28]} Bxd2+ {[%clk 1:25:21]} 7. Nxd2
{[%clk 1:30:27]} O-O {[%clk 1:24:48]} 8. Ngf3 {[%clk 1:30:32]} Nbd7
{[%clk 1:23:34]} 9. O-O {[%clk 1:29:38]} Re8 {[%clk 1:19:46]} 10. e4
{[%clk 1:27:31]} dxe4 {[%clk 1:16:39]} 11. Nxe4 {[%clk 1:26:43]} Nxe4
{[%clk 1:15:37]} 12. Qxe4 {[%clk 1:26:10]} Nf6 {[%clk 1:14:26]} 13. Qc2
{[%clk 1:25:28]} Qb6 {[%clk 1:12:00]} 14. Rad1 {[%clk 1:21:45]} Rd8
{[%clk 1:10:06]} 15. Rfe1 {[%clk 1:19:40]} Bd7 {[%clk 1:07:49]} 16. Ne5
{[%clk 1:13:00]} Be8 {[%clk 1:06:49]} 17. Qc3 {[%clk 1:11:28]} Nd7
{[%clk 1:03:43]} 18. c5 {[%clk 1:05:13]} Qa6 {[%clk 1:02:49]} 19. Bf1
{[%clk 1:03:12]} b5 {[%clk 0:56:20]} 20. cxb6 {[%clk 1:02:47]} Qxb6
{[%clk 0:56:16]} 21. Nxc6 {[%clk 1:02:20]} Nf6 {[%clk 0:56:02]} 22. Nxd8
{[%clk 1:02:04]} Rxd8 {[%clk 0:56:27]} 23. Bg2 {[%clk 1:00:45]} Ba4
{[%clk 0:56:29]} 24. b3 {[%clk 1:00:38]} Bb5 {[%clk 0:56:45]} 25. Qc5
{[%clk 0:59:08]} Nd5 {[%clk 0:56:50]} 26. Bxd5 {[%clk 0:57:04]} Rxd5
{[%clk 0:57:11]} 27. Qxb6 {[%clk 0:55:33]} axb6 {[%clk 0:57:37]} 28. Re5
{[%clk 0:55:19]} Bc6 {[%clk 0:57:53]} 29. Rxd5 {[%clk 0:54:38]} Bxd5
{[%clk 0:58:18]} 30. Rc1 {[%clk 0:54:52]} Kf8 {[%clk 0:58:43]} 31. Rc8+
{[%clk 0:55:03]} Ke7 {[%clk 0:59:08]} 32. Rb8 {[%clk 0:55:25]} Kf6
{[%clk 0:59:33]} 33. Rxb6 {[%clk 0:55:47]} Kf5 {[%clk 0:59:59]} 34. a4
{[%clk 0:56:04]} Ke4 {[%clk 1:00:25]} 35. a5 {[%clk 0:56:20]} Kxd4
{[%clk 1:00:50]} 36. a6 {[%clk 0:56:40]} Kc5 {[%clk 1:01:13]} 37. Rb8
{[%clk 0:56:59]} Kd4 {[%clk 1:01:38]} 38. a7 {[%clk 0:57:24]} Kc3
{[%clk 1:02:05]} 39. a8=Q {[%clk 0:57:42]} Bxa8 {[%clk 1:02:32]} 40. Rxa8
{[%clk 1:28:01]} Kxb3 {[%clk 1:33:00]} 41. Ra7 {[%clk 1:28:21]} 1-0

[Event "WYCC Girls 10"]
[Site "Porto Carras"]
[Date "2015.11.01"]
[Round "7.7"]
[White "Miyasaka, Julia K"]
[Black "Reuter, Elisa"]
[Result "0-1"]
[BlackElo "1722"]
[WhiteElo "1512"]
[LiveChessVersion "1.4.6"]

1. e4 {[%clk 1:30:59]} c5 {[%clk 1:30:56]} 2. Nf3 {[%clk 1:31:26]} Nc6
{[%clk 1:31:21]} 3. d4 {[%clk 1:31:53]} cxd4 {[%clk 1:31:47]} 4. Nxd4
{[%clk 1:32:20]} g6 {[%clk 1:32:10]} 5. Nc3 {[%clk 1:32:46]} Bg7 {[%clk 1:32:36]}
6. Be3 {[%clk 1:33:12]} Nf6 {[%clk 1:33:01]} 7. Bc4 {[%clk 1:33:37]} Qa5
{[%clk 1:33:25]} 8. O-O {[%clk 1:33:51]} O-O {[%clk 1:33:50]} 9. Bb3
{[%clk 1:33:59]} d6 {[%clk 1:33:49]} 10. h3 {[%clk 1:34:24]} Bd7 {[%clk 1:31:56]}
11. Rb1 {[%clk 1:24:00]} Rfc8 {[%clk 1:28:46]} 12. Nxc6 {[%clk 1:22:07]} Bxc6
{[%clk 1:27:36]} 13. Nd5 {[%clk 1:20:48]} Qd8 {[%clk 1:25:48]} 14. Nxf6+
{[%clk 1:20:44]} Bxf6 {[%clk 1:25:14]} 15. Bd5 {[%clk 1:20:07]} Bxd5
{[%clk 1:23:44]} 16. exd5 {[%clk 1:20:14]} Qc7 {[%clk 1:24:05]} 17. c3
{[%clk 1:19:42]} Qc4 {[%clk 1:20:10]} 18. a3 {[%clk 1:18:53]} b6 {[%clk 1:00:11]}
19. Qd2 {[%clk 1:17:49]} Re8 {[%clk 0:41:33]} 20. Bg5 {[%clk 1:17:13]} Bxg5
{[%clk 0:39:15]} 21. Qxg5 {[%clk 1:17:10]} f6 {[%clk 0:37:20]} 22. Qd2
{[%clk 1:17:27]} Rac8 {[%clk 0:37:11]} 23. Rfd1 {[%clk 1:17:07]} Rc5
{[%clk 0:36:02]} 24. Qd4 {[%clk 1:16:44]} Kf7 {[%clk 0:29:31]} 25. Qxc4
{[%clk 1:17:04]} Rxc4 {[%clk 0:27:01]} 26. Kf1 {[%clk 1:17:22]} Rec8
{[%clk 0:26:17]} 27. Rd3 {[%clk 1:16:46]} R4c5 {[%clk 0:24:29]} 28. Rc1
{[%clk 1:16:28]} Ra5 {[%clk 0:23:10]} 29. Re1 {[%clk 1:16:23]} Rc7
{[%clk 0:22:35]} 30. Ke2 {[%clk 1:16:26]} Ra4 {[%clk 0:19:38]} 31. Kf3
{[%clk 1:16:16]} Ra5 {[%clk 0:16:36]} 32. Re4 {[%clk 1:15:08]} Kf8
{[%clk 0:07:31]} 33. h4 {[%clk 1:14:30]} Kf7 {[%clk 0:04:07]} 34. g4 Rc8
{[%clk 0:01:34]} 35. Kg3 {[%clk 1:14:13]} Rac5 {[%clk 0:01:50]} 36. f4
{[%clk 1:13:58]} Rc4 {[%clk 0:01:46]} 37. Rxc4 {[%clk 1:14:14]} Rxc4
{[%clk 0:02:11]} 38. Kf3 {[%clk 1:14:18]} h5 39. gxh5 {[%clk 1:14:06]} gxh5
{[%clk 0:01:11]} 40. b3 {[%clk 1:44:17]} Rc5 {[%clk 0:31:26]} 41. c4
{[%clk 1:43:48]} b5 {[%clk 0:31:50]} 42. cxb5 {[%clk 1:43:48]} Rxb5
{[%clk 0:32:14]} 43. b4 a5 {[%clk 0:32:27]} 44. bxa5 {[%clk 1:44:25]} Rxa5
{[%clk 0:32:53]} 45. Ke4 Kg6 {[%clk 0:30:57]} 46. f5+ {[%clk 1:44:36]} Kf7
{[%clk 0:31:14]} 47. Kf3 {[%clk 1:44:39]} Kg7 48. Ke2 {[%clk 1:44:41]} Ra4
{[%clk 0:30:53]} 49. Rg3+ {[%clk 1:43:56]} Kf7 {[%clk 0:31:18]} 50. Rh3
{[%clk 1:42:50]} Rd4 {[%clk 0:31:34]} 51. Rd3 {[%clk 1:42:26]} Rxh4
{[%clk 0:31:14]} 52. Kf3 {[%clk 1:41:22]} Ra4 {[%clk 0:30:43]} 53. Kg3
{[%clk 1:40:40]} h4+ {[%clk 0:30:42]} 54. Kf2 {[%clk 1:39:41]} Ke8
{[%clk 0:30:11]} 55. Ke2 {[%clk 1:39:20]} Kd7 {[%clk 0:30:28]} 56. Kf3
{[%clk 1:35:31]} Kc7 {[%clk 0:30:34]} 57. Re3 {[%clk 1:34:31]} Kd7
{[%clk 0:30:43]} 58. Re4 {[%clk 1:30:44]} Rxa3+ {[%clk 0:31:00]} 59. Kg2
{[%clk 1:31:03]} Rd3 {[%clk 0:30:53]} 60. Rxh4 {[%clk 1:31:13]} Rxd5
{[%clk 0:31:17]} 61. Rf4 {[%clk 1:31:37]} Re5 {[%clk 0:31:01]} 62. Kf3
{[%clk 1:31:55]} Kc6 {[%clk 0:31:07]} 63. Rc4+ {[%clk 1:32:12]} Kb5 64. Rf4
{[%clk 1:32:34]} Kc5 {[%clk 0:31:30]} 65. Kg4 {[%clk 1:32:36]} d5
{[%clk 0:31:51]} 66. Ra4 {[%clk 1:32:55]} Re4+ {[%clk 0:31:04]} 67. Rxe4
{[%clk 1:33:19]} dxe4 {[%clk 0:31:31]} 68. Kg3 {[%clk 1:33:29]} Kd4 69. Kf2 Kd3
{[%clk 0:32:10]} 70. Ke1 {[%clk 1:34:05]} Ke3 {[%clk 0:32:34]} 71. Kd1
{[%clk 1:34:12]} Kf2 {[%clk 0:32:56]} 72. Kc2 {[%clk 1:34:39]} e3
{[%clk 0:33:19]} 73. Kd3 {[%clk 1:35:30]} e2 {[%clk 0:33:43]} 74. Kd4 e1=Q
{[%clk 0:33:50]} 75. Kd5 {[%clk 1:35:57]} Qe5+ {[%clk 0:34:11]} 76. Kc4
{[%clk 1:36:23]} Qd6 {[%clk 0:34:24]} 77. Kc3 {[%clk 1:36:45]} Qd5
{[%clk 0:34:46]} 78. Kc2 {[%clk 1:37:09]} Qd4 79. Kb3 {[%clk 1:37:35]} Qc5
{[%clk 0:35:10]} 80. Kb2 {[%clk 1:38:19]} Qc4 {[%clk 0:35:27]} 81. Ka3 Qb5
{[%clk 0:35:37]} 82. Ka2 {[%clk 1:38:10]} Ke2 {[%clk 0:35:37]} 83. Ka3
{[%clk 1:38:34]} Kd3 84. Ka2 {[%clk 1:38:59]} Kc2 {[%clk 0:36:18]} 85. Ka3 Qb3#
0-1

[Event "WYCC Girls 10"]
[Site "Porto Carras"]
[Date "2015.11.01"]
[Round "7.8"]
[White "Kamalidenova, Meruert"]
[Black "Bhagyashree, Patil"]
[Result "1-0"]
[BlackElo "1468"]
[WhiteElo "1720"]
[LiveChessVersion "1.4.6"]

1. d4 {[%clk 1:30:56]} d5 {[%clk 1:30:51]} 2. Nf3 {[%clk 1:30:39]} Nf6
{[%clk 1:31:16]} 3. g3 {[%clk 1:31:03]} e6 {[%clk 1:31:32]} 4. Bg2
{[%clk 1:31:25]} c5 {[%clk 1:30:45]} 5. c4 {[%clk 1:30:59]} Nc6 {[%clk 1:28:56]}
6. cxd5 {[%clk 1:30:27]} Nxd5 {[%clk 1:22:17]} 7. O-O {[%clk 1:28:40]} Be7
{[%clk 1:17:22]} 8. a3 {[%clk 1:26:51]} O-O {[%clk 1:16:09]} 9. dxc5
{[%clk 1:26:12]} Bxc5 {[%clk 1:16:13]} 10. b4 {[%clk 1:26:37]} Bb6
{[%clk 1:12:04]} 11. Bb2 {[%clk 1:26:15]} Nce7 {[%clk 1:07:56]} 12. Nbd2
{[%clk 1:24:40]} Ng6 {[%clk 1:08:12]} 13. Rc1 {[%clk 1:18:57]} Bd7
{[%clk 1:04:54]} 14. Nc4 {[%clk 1:16:44]} Bc6 {[%clk 0:56:40]} 15. Qb3
{[%clk 1:16:01]} Qe7 {[%clk 0:49:25]} 16. Nfe5 {[%clk 1:08:54]} Nxe5
{[%clk 0:43:21]} 17. Nxe5 {[%clk 1:09:11]} Rac8 {[%clk 0:43:24]} 18. Nxc6
{[%clk 1:00:29]} bxc6 {[%clk 0:42:22]} 19. Rc4 {[%clk 1:00:30]} c5
{[%clk 0:40:06]} 20. bxc5 {[%clk 0:56:11]} Rxc5 {[%clk 0:38:26]} 21. Rh4
{[%clk 0:54:20]} Nf6 {[%clk 0:23:54]} 22. Qd3 {[%clk 0:52:55]} e5
{[%clk 0:23:33]} 23. g4 {[%clk 0:47:14]} h6 {[%clk 0:12:47]} 24. Qh3
{[%clk 0:45:13]} Nh7 {[%clk 0:12:03]} 25. Bc1 {[%clk 0:45:03]} Ng5
{[%clk 0:10:44]} 26. Bxg5 {[%clk 0:45:11]} Qxg5 {[%clk 0:09:58]} 27. Rh5
{[%clk 0:45:28]} Qg6 {[%clk 0:08:52]} 28. g5 {[%clk 0:45:33]} Kh7
{[%clk 0:08:03]} 29. Kh1 {[%clk 0:31:51]} Bd8 {[%clk 0:03:43]} 30. gxh6
{[%clk 0:28:53]} gxh6 {[%clk 0:03:48]} 31. Rg1 {[%clk 0:28:57]} Bg5
{[%clk 0:00:43]} 32. Rxg5 {[%clk 0:28:47]} Qf6 {[%clk 0:00:41]} 33. Be4+
{[%clk 0:28:26]} Kh8 {[%clk 0:01:04]} 34. Rh5 {[%clk 0:28:42]} Rc6
{[%clk 0:01:22]} 35. Bxc6 {[%clk 0:28:46]} Qxc6+ {[%clk 0:01:50]} 36. f3
{[%clk 0:27:53]} Kh7 {[%clk 0:02:09]} 37. Qf5+ {[%clk 0:28:13]} Kh8
{[%clk 0:02:34]} 38. Qg5 {[%clk 0:27:57]} Qg6 {[%clk 0:02:44]} 39. Qxh6+
{[%clk 0:28:04]} Qxh6 {[%clk 0:03:07]} 40. Rxh6# {[%clk 0:58:30]} 1-0